000 01105nam a2200313 a 4500
001 000109974
003 CHAP
005 20220329144111.0
008 140617s2014 mx | |sm |||||||spa|d
010 _a106436
011 _a107408
040 _cCHAP
090 _aTesis
100 1 _aMolina López, Héctor Fabian
_9127319
245 1 0 _aEvaluación de la adopción de prácticas culturales de citricultores de Veracruz
_h[En línea]
_cpor Héctor Fabian Molina López.
260 _aChapingo, Méx. :
_bEl autor,
_c2014.
500 _aPara ver el contenido del material haga clic en la liga
502 _aTesis (Ing. Agr. Esp. en ) -- UACH. Departamento
590 _aBATCH-UPD
_b05
_c20141002
_lUCH01
_h0904
590 _aE792CSJ
_b05
_c20140617
_lUCH01
_h0854
590 _aE792CSJ
_b05
_c20140617
_lUCH01
_h0854
650 1 4 _aAgricultura
_xInnovaciones tecnológicas.
_91565
650 1 4 _aCítricos
_xVeracruz.
_924472
650 1 4 _aCitricultura
_xVeracruz.
_923499
856 _aFinding aid
_uhttp://10.13.5.2/tesis/sist109974.pdf
_zTeclea aquí
901 _aBK
942 _cTESIS
942 _n0
999 _c106436
_d106436